| 000 | 00463nam a22001577a 4500 | ||
|---|---|---|---|
| 999 |
_c4634 _d4634 |
||
| 008 | 200817b ||||| |||| 00| 0 eng d | ||
| 041 | 0 | _aeng | |
| 082 | 0 | 0 |
_a954.03 _bC4548 |
| 100 |
_9783 _aChand, Tara |
||
| 245 | 1 | 0 |
_aHistory of the freedom movement in India / _cby Tara Chand |
| 260 |
_aDelhi : _bMinistry of Information & Broadcasting, Publications Division, _c1961. |
||
| 300 | _a400 p. | ||
| 365 | _d15.50 | ||
| 650 | 0 | _aPolitics and Government | |
| 942 | _cBK | ||